LDR 00654naa#a2200169#i#450# 001 EN\INFRA-M\bibl\115010 005 20260630023007.2 011 ## _a2587-6295 100 ## _a20260331b2026####ek#y0engy0150####ca 102 ## _aRU 200 1# _aHate speech in migration discourse as a challenge to state policy on the preservation and promotion of traditional values _eJournal article 210 1# _aMoscow _cINFRA-M Academic Publishing LLC. _d2026 215 ## _a9 с. 608 ## _aJournal article _2local 675 ## _aВоздействие на общественное мнение. 32.019.51 _aПолитика. 32 _z 700 #1 _aSavina _gOl'ga Vyacheslavovna 856 4# _azh-szf.ru _u